[Event "Airthings Masters - Torneo Preliminare"]
[Site "Internet"]
[Date "03.02.2023"]
[Round "2"]
[White "Grandelius, Nils"]
[Black "Rakhmanov, Aleksandr"]
[Result "0-1"]
[WhiteTitle ""]
[BlackTitle ""]
[WhiteElo "2660"]
[BlackElo "2635"]
[WhiteFideId "1710400"]
[BlackFideId "4173708"]
[EventDate "2023.02.03"]

1. e4 d5 2. exd5 Qxd5 3. Nc3 Qd8 4. d4 Nf6 5. Bg5 Bg4 6. Be2 Bxe2 7. Qxe2 c6 8.
O-O-O Nbd7 9. d5 Qa5 10. Bxf6 Nxf6 11. dxc6 bxc6 12. Qc4 Rc8 13. Nf3 e6 14. Rhe1
Be7 15. Ne5 Qc5 16. Qxc5 Bxc5 17. Ne4 Nxe4 18. Rxe4 Bxf2 19. Nxf7 Kxf7 20. Rf1
Ke7 21. Rxf2 Rhf8 22. Ref4 Rf6 23. R2f3 Rd8 24. Rxf6 gxf6 25. Rh3 Rh8 26. Ra3
Ra8 27. Rh3 Rh8 28. Ra3 Ra8 29. Ra6 Kd6 30. b4 Kd5 31. Kd2 e5 32. a4 Rb8 33. c3
Rb7 34. Ra5+ Kd6 35. Kd3 f5 36. Ra6 h5 37. b5 Rb6 38. Rxa7 cxb5 39. axb5 Rxb5
40. Rh7 e4+ 41. Ke3 Rc5 42. Rxh5 f4+ 0-1

[Event "Airthings Masters - Torneo Preliminare"]
[Site "Internet"]
[Date "03.02.2023"]
[Round "2"]
[White "Suleymanli, Aydin"]
[Black "Kramnik, Vladimir"]
[Result "0-1"]
[WhiteTitle ""]
[BlackTitle ""]
[WhiteElo "2552"]
[BlackElo "2753"]
[WhiteFideId "13413937"]
[BlackFideId "4101588"]
[EventDate "2023.02.03"]

1. c4 e6 2. Nc3 Bb4 3. e4 c5 4. a3 Ba5 5. f4 Nc6 6. Nf3 Nge7 7. g3 d5 8. Bg2
dxc4 9. Qa4 O-O 10. Qxc4 b5 11. Qxb5 Nd4 12. Nxd4 cxd4 13. Ne2 d3 14. Nc3 Bb6
15. b3 a5 16. Bb2 Ba6 17. Qa4 Rc8 18. b4 Bc4 19. bxa5 Ba7 20. Rc1 Ba6 21. Bf3
Ng6 22. Na2 Rxc1+ 23. Nxc1 Nxf4 24. Qc6 Qb8 25. Qxa6 Qxb2 26. Qc4 Be3 27. Nb3
Qb1+ 28. Nc1 Ng6 29. Bd1 Qb2 30. Nb3 Ne5 31. Qc3 Qxc3 32. dxc3 Rc8 33. Rf1 Rxc3
34. Rf4 g5 35. Rf1 Kg7 36. h4 h6 37. hxg5 hxg5 38. Rh1 g4 39. Kf1 Nc4 40. Kg2
Ba7 41. Kh2 Ne3 42. Nd2 Rxa3 43. Bb3 Rxa5 0-1

[Event "Airthings Masters - Torneo Preliminare"]
[Site "Internet"]
[Date "03.02.2023"]
[Round "2"]
[White "Martinez Alcantara, Jose Eduardo"]
[Black "Hammer, Jon Ludvig"]
[Result "0-1"]
[WhiteTitle ""]
[BlackTitle ""]
[WhiteElo "2607"]
[BlackElo "2631"]
[WhiteFideId "3805662"]
[BlackFideId "1503707"]
[EventDate "2023.02.03"]

1. e4 e5 2. Nf3 Nc6 3. Nc3 Nf6 4. h3 Bb4 5. Nd5 Bc5 6. c3 Nxe4 7. d4 exd4 8.
cxd4 Bb4+ 9. Nxb4 Nxb4 10. a3 Nd5 11. Bd3 Ndf6 12. O-O d5 13. Qc2 O-O 14. Ne5 h6
15. Bf4 c6 16. Rae1 Qb6 17. Be3 Nd6 18. b3 Nfe4 19. g4 Qd8 20. f3 Ng5 21. Qg2 f5
22. Ng6 Re8 23. h4 Ngf7 24. g5 hxg5 25. hxg5 f4 26. Bxf4 Bf5 27. Bxf5 Nxf5 28.
Ne5 Qb6 29. Qf2 Qxd4 30. Ng6 Rxe1 31. Rxe1 Kh7 32. Ne7 Qxf4 33. g6+ Kh6 34.
Nxf5+ Qxf5 35. gxf7 Rf8 36. Qh2+ Kg6 37. Re5 Qb1+ 38. Kf2 Qb2+ 39. Re2 Qd4+ 40.
Re3 Kxf7 41. Qc7+ Kg8 42. Qe7 Qb2+ 43. Kg3 Qf6 44. Qxb7 d4 45. Re7 Qxf3+ 46. Kh2
Qf2+ 47. Kh1 Qf1+ 48. Kh2 Rf2+ 49. Kg3 Rg2+ 50. Kh3 Qh1# 0-1

[Event "Airthings Masters - Torneo Preliminare"]
[Site "Internet"]
[Date "03.02.2023"]
[Round "2"]
[White "Ter-Sahakyan, Samvel"]
[Black "Raja, Harshit"]
[Result "1/2-1/2"]
[WhiteTitle ""]
[BlackTitle ""]
[WhiteElo "2616"]
[BlackElo "2465"]
[WhiteFideId "13302531"]
[BlackFideId "5089000"]
[EventDate "2023.02.03"]

1. d4 d5 2. c4 e6 3. Nf3 Nf6 4. Nc3 Be7 5. Bf4 O-O 6. e3 Nbd7 7. Be2 dxc4 8. O-O
c5 9. Bxc4 a6 10. a4 cxd4 11. Qxd4 Qa5 12. Bd6 Bxd6 13. Qxd6 Nc5 14. Rfd1 Bd7
15. Ne5 Rac8 16. Rd4 b5 17. Bxb5 axb5 18. b4 Qc7 19. bxc5 Qxd6 20. Rxd6 b4 21.
Na2 Bxa4 22. Nxb4 Ne4 23. Rxa4 Nxd6 24. Nbc6 Ra8 25. Ne7+ Kh8 26. Rxa8 Rxa8 27.
g4 f6 28. cxd6 fxe5 29. Nc6 Ra1+ 30. Kg2 Rd1 31. Nxe5 Kg8 32. d7 Kf8 33. f4 Ke7
34. h4 h6 35. h5 Rd5 36. Kf3 Rxe5 37. fxe5 Kxd7 38. Ke4 Kc6 39. Kd4 Kb5 40. Kc3
Kc5 41. e4 Kb5 42. Kb3 Kc5 43. Kc3 Kb5 44. Kb3 Kc5 45. Kc3 1/2-1/2

[Event "Airthings Masters - Torneo Preliminare"]
[Site "Internet"]
[Date "03.02.2023"]
[Round "2"]
[White "Harsha, Bharathakoti"]
[Black "Deviatkin, Andrei"]
[Result "1-0"]
[WhiteTitle ""]
[BlackTitle ""]
[WhiteElo "2599"]
[BlackElo "2442"]
[WhiteFideId "5078776"]
[BlackFideId "4121260"]
[EventDate "2023.02.03"]

1. d4 d6 2. e4 Nf6 3. Nc3 e5 4. Nf3 Nbd7 5. Bc4 Be7 6. O-O O-O 7. Re1 c6 8. a4
b6 9. d5 Bb7 10. dxc6 Bxc6 11. Bg5 Rc8 12. Bxf6 Nxf6 13. Qd3 Bd7 14. Rad1 h6 15.
Nh4 Kh7 16. Nf5 Bxf5 17. exf5 Kh8 18. Nd5 e4 19. Qb3 Rc5 20. Nxf6 Bxf6 21. Bd5
Be5 22. Bxe4 Qf6 23. c3 Re8 24. g3 d5 25. Bxd5 Rf8 26. Qc2 Rc7 27. Re3 Bd6 28.
Rde1 Re7 29. Rxe7 Bxe7 30. Kg2 a5 31. Qe4 Bc5 32. Re2 Qd6 33. h4 Kg8 34. Bb3 Qc7
35. f6 Qc8 36. Qg6 Qb7+ 37. Kg1 1-0

[Event "Airthings Masters - Torneo Preliminare"]
[Site "Internet"]
[Date "03.02.2023"]
[Round "2"]
[White "Bluebaum, Matthias"]
[Black "Andreikin, Dmitry"]
[Result "0-1"]
[WhiteTitle ""]
[BlackTitle ""]
[WhiteElo "2663"]
[BlackElo "2729"]
[WhiteFideId "24651516"]
[BlackFideId "4158814"]
[EventDate "2023.02.03"]

1. d4 d5 2. c4 e6 3. Nc3 a6 4. cxd5 exd5 5. a3 c6 6. Bf4 Bd6 7. Bxd6 Qxd6 8. e3
Ne7 9. Bd3 Bf5 10. Nge2 Nd7 11. O-O O-O 12. Ng3 Bg6 13. Rc1 Nb6 14. Qe2 a5 15.
Rfd1 a4 16. e4 dxe4 17. Ncxe4 Qc7 18. Nc5 Ned5 19. Qf3 Bxd3 20. Qxd3 Rfe8 21.
Qc2 g6 22. Nge4 Re7 23. Nc3 Nxc3 24. bxc3 Nc4 25. Nxa4 Rae8 26. g3 Re2 27. Qb1
Qe7 28. Rc2 Qf6 29. Rf1 Qf3 30. Rxe2 Rxe2 31. Qxb7 Ne3 32. Qb8+ Kg7 33. Qe5+ Kh6
34. Qxe3+ Rxe3 35. fxe3 Qxe3+ 36. Kg2 f5 37. Rf2 Qe4+ 38. Kg1 Qb1+ 39. Kg2 Qb3
40. Nc5 Qxc3 41. Rf4 Qxa3 42. h4 Qa2+ 43. Kh3 Qb1 44. Kh2 Qc2+ 45. Kh3 Qd1 46.
Kh2 Qe2+ 47. Kh3 Kg7 48. Nd7 h6 49. Nc5 Qd1 50. Kg2 Qc2+ 51. Rf2 Qc4 52. Rf4
Qd5+ 53. Kh2 g5 54. hxg5 hxg5 55. Rf2 Kg6 56. Rd2 Kh5 57. Nd3 Qf3 58. Ne5 Qe3
59. g4+ fxg4 60. Rg2 Qxd4 61. Nxc6 Qd6+ 62. Ne5 Qxe5+ 63. Rg3 Kh4 64. Kh1 Kxg3 0-1

[Event "Airthings Masters - Torneo Preliminare"]
[Site "Internet"]
[Date "03.02.2023"]
[Round "2"]
[White "Jacobson, Brandon"]
[Black "Chigaev, Maksim"]
[Result "0-1"]
[WhiteTitle ""]
[BlackTitle ""]
[WhiteElo "2543"]
[BlackElo "2632"]
[WhiteFideId "30901561"]
[BlackFideId "4108116"]
[EventDate "2023.02.03"]

1. Nf3 Nf6 2. g3 g6 3. b3 d5 4. c4 d4 5. b4 c5 6. bxc5 Bg7 7. Bg2 O-O 8. O-O Re8
9. d3 Nfd7 10. Ba3 Na6 11. c6 bxc6 12. Nbd2 Rb8 13. Qa4 c5 14. Rab1 Rb6 15. Rb5
Bb7 16. Ne1 Qc8 17. Nb3 Bxg2 18. Nxg2 e5 19. e4 f5 20. f3 Rf8 21. Ne1 h5 22. Bc1
f4 23. Ng2 fxg3 24. hxg3 Rbf6 25. Nh4 Nb4 26. Rxb4 cxb4 27. Qxb4 Rb6 28. Qa5 Kh7
29. Ba3 Ra6 30. Qb4 Rff6 31. c5 Qc6 32. Nd2 Rf8 33. Nc4 Rb8 34. Qd2 Nxc5 35. Qg5
Nxd3 36. Nd6 Qxd6 37. Bxd6 Rxd6 38. g4 Nf4 39. Kh2 Bf6 0-1

[Event "Airthings Masters - Torneo Preliminare"]
[Site "Internet"]
[Date "03.02.2023"]
[Round "2"]
[White "Tristan, Leonardo"]
[Black "Shimanov, Aleksandr"]
[Result "1-0"]
[WhiteTitle ""]
[BlackTitle ""]
[WhiteElo "2545"]
[BlackElo "2581"]
[WhiteFideId "113816"]
[BlackFideId "4198603"]
[EventDate "2023.02.03"]

1. d4 e6 2. Nf3 Nf6 3. Bf4 d5 4. e3 Bd6 5. Nbd2 O-O 6. c3 b6 7. h4 Bxf4 8. exf4
c5 9. h5 h6 10. Nb3 Qd6 11. Ne5 a5 12. a4 Nc6 13. Bb5 Ne7 14. g4 cxd4 15. Nxd4
Ne4 16. Qf3 Bb7 17. Qe3 Ba6 18. f3 Nc5 19. g5 hxg5 20. h6 gxf4 21. Qxf4 f6 22.
h7+ Kh8 23. Nf7+ Rxf7 24. Qxd6 e5 25. Qxb6 Bxb5 26. Qxb5 Rc8 27. Ne2 Nf5 28. Kf2
e4 29. Nd4 Nd3+ 30. Kg2 Ne3+ 31. Kh2 f5 32. Rae1 f4 33. Rxe3 fxe3 34. Qxd5 Rf6
35. Nf5 Rg6 36. Ne7 Rh6+ 37. Kg3 Kxh7 38. Qxe4+ Kh8 39. Rxh6+ gxh6 40. Nxc8 1-0

[Event "Airthings Masters - Torneo Preliminare"]
[Site "Internet"]
[Date "03.02.2023"]
[Round "2"]
[White "Daggupati, Balaji"]
[Black "Kaufman, Lawrence"]
[Result "1-0"]
[WhiteTitle ""]
[BlackTitle ""]
[WhiteElo "2507"]
[BlackElo "2188"]
[WhiteFideId "2090759"]
[BlackFideId "2000555"]
[EventDate "2023.02.03"]

1. e4 e5 2. Nf3 Nf6 3. Nc3 Bb4 4. Nxe5 O-O 5. Nf3 Re8 6. Be2 Nxe4 7. Nxe4 Rxe4
8. O-O d5 9. d4 Re8 10. Bd3 h6 11. h3 Nd7 12. Bf4 Nf8 13. Ne5 Bd6 14. Qf3 Be6
15. Rfe1 c6 16. Qg3 Qf6 17. Bd2 Rad8 18. c3 Kh8 19. f4 Bf5 20. Rf1 Bxd3 21. Qxd3
Kg8 22. Rae1 Bxe5 23. fxe5 Qg6 24. Qe3 Ne6 25. Rf3 Ng5 26. Rg3 Qh7 27. Rg4 Re6
28. Rf1 Rde8 29. Qf4 Rf8 30. Qf5 Qxf5 31. Rxf5 Ne4 32. Be3 Rg6 33. Rff4 Rxg4 34.
Rxg4 Kh7 35. Kf1 Re8 36. Ke2 f5 37. Rf4 g5 38. Rf3 f4 39. Bc1 Kg6 40. b3 Kf5 41.
Kd3 h5 42. Rf1 Ng3 43. Rf2 Ne4 44. Rf3 Ng3 45. h4 1-0

[Event "Airthings Masters - Torneo Preliminare"]
[Site "Internet"]
[Date "03.02.2023"]
[Round "2"]
[White "Yoo, Christopher Woojin"]
[Black "Mitrabha, Guha"]
[Result "0-1"]
[WhiteTitle ""]
[BlackTitle ""]
[WhiteElo "2589"]
[BlackElo "2510"]
[WhiteFideId "30909694"]
[BlackFideId "5057000"]
[EventDate "2023.02.03"]

1. e4 c6 2. d4 d5 3. Nc3 dxe4 4. Nxe4 Nf6 5. Nxf6+ gxf6 6. Be3 Bf5 7. Bd3 Nd7 8.
Ne2 e6 9. O-O Bg6 10. c4 Bd6 11. Nc3 O-O 12. c5 Bc7 13. b4 f5 14. Qf3 Ne5 15.
dxe5 Qxd3 16. Rac1 Bxe5 17. Rfd1 Qc4 18. b5 Qg4 19. bxc6 bxc6 20. Ne2 Qxf3 21.
gxf3 Bh5 22. Kg2 Kh8 23. Bd4 Rg8+ 24. Kf1 f6 25. Rd3 Rad8 26. Ng3 Rxg3 27. Bxe5
Rxd3 28. Bxg3 Bxf3 29. Bd6 e5 30. Ke1 Kg7 31. Bc7 f4 32. a4 Kg6 33. a5 a6 34.
Bd6 Kf5 35. Be7 h5 36. h4 Bg4 37. Ra1 e4 38. Kf1 e3 39. fxe3 fxe3 40. Re1 Ke5
41. Bd6+ Ke4 42. Kg2 f5 43. Ra1 Rd4 44. Kg3 Kd5 45. Re1 e2 46. Bf4 Rd1 47. Kf2
Kxc5 48. Bg3 Kd4 0-1

[Event "Airthings Masters - Torneo Preliminare"]
[Site "Internet"]
[Date "03.02.2023"]
[Round "2"]
[White "Vidit, Santosh Gujrathi"]
[Black "Deac, Bogdan-Daniel"]
[Result "0-1"]
[WhiteTitle ""]
[BlackTitle ""]
[WhiteElo "2730"]
[BlackElo "2700"]
[WhiteFideId "5029465"]
[BlackFideId "1226380"]
[EventDate "2023.02.03"]

1. e4 e5 2. Nf3 Nf6 3. Nxe5 d6 4. Nf3 Nxe4 5. d4 d5 6. Bd3 Bd6 7. O-O O-O 8. c4
c6 9. Nc3 Nxc3 10. bxc3 dxc4 11. Bxc4 Bf5 12. Bg5 Qa5 13. Nh4 Be6 14. Bxe6 Qxg5
15. Nf3 Qa5 16. Bb3 Nd7 17. Qd3 Rae8 18. Rfe1 Nf6 19. g3 g6 20. Kg2 Kg7 21. h4
h6 22. Nd2 Qc7 23. Qf3 c5 24. Nc4 b5 25. Ne3 Qc8 26. Rab1 a6 27. a4 Qa8 28. Nd5
Qd8 29. axb5 axb5 30. dxc5 Bxc5 31. Rxe8 Rxe8 32. Rd1 Re5 33. Nf4 Qc7 34. Rd2
Re7 35. h5 g5 36. Nd5 Nxd5 37. Rxd5 b4 38. Qd3 Bb6 39. Bc2 Re6 40. Qh7+ Kf8 41.
cxb4 Qc6 42. Be4 Qc4 43. Bf3 g4 44. Bd1 Qxd5+ 0-1

[Event "Airthings Masters - Torneo Preliminare"]
[Site "Internet"]
[Date "03.02.2023"]
[Round "2"]
[White "Nguyen, Ngoc Truong Son"]
[Black "Jumabayev, Rinat"]
[Result "1-0"]
[WhiteTitle ""]
[BlackTitle ""]
[WhiteElo "2645"]
[BlackElo "2609"]
[WhiteFideId "12401110"]
[BlackFideId "13702661"]
[EventDate "2023.02.03"]

1. d4 e6 2. c4 d5 3. Nc3 Nf6 4. cxd5 exd5 5. Bg5 c6 6. e3 Be7 7. Bd3 h6 8. Bf4
Bd6 9. Nge2 a5 10. O-O O-O 11. Qc2 Re8 12. Rfe1 Na6 13. a3 Nc7 14. Rad1 Ne6 15.
Bg3 Ng5 16. Bxd6 Qxd6 17. Ng3 Bg4 18. Rc1 h5 19. h4 Ne6 20. Nf1 Nf8 21. f3 Bd7
22. Qf2 b6 23. Qg3 Qxg3 24. Nxg3 c5 25. Bb5 Bxb5 26. Nxb5 Ne6 27. Ne2 Kf8 28.
Kf2 Re7 29. g3 Rae8 30. Nf4 Nxf4 31. gxf4 c4 32. Nc3 g6 33. Re2 Rd8 34. Rd1 Ne8
35. e4 Nc7 36. a4 Red7 37. Red2 Kg7 38. Ke3 f5 39. Rg1 Re7 40. e5 Kf7 41. Rb1
Na6 42. b3 cxb3 43. Rxb3 Nb4 44. Nb5 Re6 45. Rc3 Rd7 46. Rd1 Kg7 47. Rdc1 Kf7
48. Rc8 Na2 49. R1c7 Rxc7 50. Nxc7 Rc6 51. e6+ 1-0

[Event "Airthings Masters - Torneo Preliminare"]
[Site "Internet"]
[Date "03.02.2023"]
[Round "2"]
[White "Nepomniachtchi, Ian"]
[Black "Lenderman, Aleksandr"]
[Result "1-0"]
[WhiteTitle ""]
[BlackTitle ""]
[WhiteElo "2793"]
[BlackElo "2572"]
[WhiteFideId "4168119"]
[BlackFideId "2021285"]
[EventDate "2023.02.03"]

1. e4 e5 2. Nf3 Nf6 3. Nxe5 d6 4. Nf3 Nxe4 5. d4 d5 6. Bd3 Be7 7. O-O Nc6 8.
Nbd2 Nd6 9. c3 Bf5 10. Bxf5 Nxf5 11. Qb3 b6 12. Re1 O-O 13. Ne5 Nb8 14. Ndf3 Nh4
15. Nxh4 Bxh4 16. Bf4 c6 17. c4 Bf6 18. Rac1 Bxe5 19. dxe5 Nd7 20. cxd5 Nc5 21.
Rxc5 bxc5 22. d6 Qd7 23. Qc3 Rab8 24. Be3 c4 25. Bd4 Qe6 26. Qg3 Rb5 27. h3 Rd5
28. Bc3 Rd3 29. Qf4 h6 30. Re4 g5 31. Qg4 f5 32. exf6 Qxg4 33. hxg4 Rxd6 34.
Rxc4 Re8 35. Ra4 Rd7 36. f3 Re2 37. Rc4 Rd1+ 38. Kh2 Rf1 39. Rxc6 Rxf3 40. Rc8+
Kf7 41. Rc7+ Ke8 42. Rxa7 Rff2 43. Bd4 Rf4 44. Ra8+ Kf7 45. Ra7+ Ke8 46. Bc3
Rff2 47. f7+ Rxf7 48. Rxf7 Kxf7 49. a4 Re4 50. a5 Rxg4 51. b3 Re4 52. a6 Re2 53.
b4 Ra2 54. b5 Ke6 55. Bd4 Kd7 56. Kg3 h5 57. Kf3 Kc7 58. b6+ Kd7 59. b7 1-0

[Event "Airthings Masters - Torneo Preliminare"]
[Site "Internet"]
[Date "03.02.2023"]
[Round "2"]
[White "Sadhwani, Raunak"]
[Black "Narayanan, S.L."]
[Result "1/2-1/2"]
[WhiteTitle ""]
[BlackTitle ""]
[WhiteElo "2627"]
[BlackElo "2669"]
[WhiteFideId "35093487"]
[BlackFideId "5058422"]
[EventDate "2023.02.03"]

1. d4 Nf6 2. Nc3 d5 3. Bf4 a6 4. e3 e6 5. g4 c5 6. g5 Nfd7 7. Nf3 b5 8. h4 Bb7
9. h5 Nc6 10. a3 Be7 11. Rg1 Qb6 12. dxc5 Nxc5 13. Nd4 g6 14. Nxc6 Bxc6 15. Qd4
Rf8 16. Be5 Nd7 17. Qxb6 Nxb6 18. Bd4 Nc4 19. Bxc4 dxc4 20. hxg6 hxg6 21. Ke2
O-O-O 22. Rg4 Kb7 23. f3 a5 24. Rh1 b4 25. axb4 axb4 26. Ne4 Bxe4 27. Rxe4 Bxg5
28. Bg7 Rg8 29. Be5 Rd5 30. f4 Be7 31. Rh7 Rf8 32. Rxc4 Rd7 33. Re4 Kc6 34. Bg7
Ra8 35. Bd4 Bd6 36. Bf6 Bc5 37. Rc4 Kb5 38. b3 Rc8 39. Kf3 Rc6 40. Rh8 Bb6 41.
Rxc6 Kxc6 42. Ke2 Kb5 43. Rb8 Kc6 44. Rc8+ Kb5 45. Be5 Bc5 46. Rb8+ Kc6 47. Rc8+
Kb5 48. Kf3 Rd2 49. Rc7 f5 50. Rg7 Rxc2 51. Rxg6 Rd2 52. Rxe6 Rd3 53. Bf6 Rxb3
54. Re5 Kc4 55. Rxf5 Rxe3+ 56. Kg4 b3 57. Rh5 Bd4 58. Bxd4 Kxd4 59. Rh1 1/2-1/2

[Event "Airthings Masters - Torneo Preliminare"]
[Site "Internet"]
[Date "03.02.2023"]
[Round "2"]
[White "Iniyan, P"]
[Black "Grover, Sahaj"]
[Result "0-1"]
[WhiteTitle ""]
[BlackTitle ""]
[WhiteElo "2514"]
[BlackElo "2509"]
[WhiteFideId "25002767"]
[BlackFideId "5021103"]
[EventDate "2023.02.03"]

1. d4 Nf6 2. c4 e6 3. Bf4 Bb4+ 4. Nd2 O-O 5. Nf3 b6 6. a3 Bxd2+ 7. Nxd2 Bb7 8.
Qc2 Nh5 9. Bg3 f5 10. e3 d6 11. c5 Kh8 12. Rc1 bxc5 13. dxc5 Nc6 14. Bb5 f4 15.
cxd6 cxd6 16. Bxc6 Rc8 17. Qd1 Bxc6 18. Qxh5 Bxg2 19. Rxc8 Qxc8 20. Rg1 f3 21.
Kd1 Qc6 22. Nb1 Rf5 23. Qh4 Rd5+ 24. Nd2 h6 25. Bf4 Rc5 26. Nb3 Qa4 27. Qd8+ Kh7
28. Qb8 Rb5 29. Qc8 Qxb3+ 30. Qc2+ Qxc2+ 31. Kxc2 e5 32. Bg3 Kg6 33. Rd1 Rc5+
34. Kb3 Rc6 35. a4 Kf5 36. a5 a6 37. h4 Ke4 38. Ka4 Bh3 39. b4 Bd7 40. Ka3 Rc3+
41. Kb2 Rc6 42. Rc1 Rxc1 43. Kxc1 Kd3 44. Kb2 Kc4 45. Ka3 Bb5 46. Bh2 Kc3 47.
Bg3 Kd3 48. Kb3 Ke4 49. Kc3 Kf5 50. Kd2 g5 51. hxg5 Kxg5 52. e4 h5 53. Ke3 Kg4
54. Bh2 h4 55. Bg1 Be2 56. Bh2 Kh3 57. Bg1 Kg2 0-1

[Event "Airthings Masters - Torneo Preliminare"]
[Site "Internet"]
[Date "03.02.2023"]
[Round "2"]
[White "Paravyan, David"]
[Black "Sankalp, Gupta"]
[Result "0-1"]
[WhiteTitle ""]
[BlackTitle ""]
[WhiteElo "2586"]
[BlackElo "2504"]
[WhiteFideId "4194985"]
[BlackFideId "5097010"]
[EventDate "2023.02.03"]

1. e4 e6 2. d4 d5 3. Nd2 c5 4. Ngf3 Nc6 5. exd5 exd5 6. Bb5 cxd4 7. O-O Bd6 8.
Nb3 Ne7 9. Nbxd4 O-O 10. h3 Nxd4 11. Nxd4 Bc7 12. Re1 Qd6 13. g3 Bxh3 14. Qh5
Bb6 15. Bf4 Qf6 16. Be5 Qh6 17. Qxh6 gxh6 18. Kh2 Bg4 19. f3 Ng6 20. fxg4 Nxe5
21. Rxe5 Bxd4 22. Rxd5 Bxb2 23. Rb1 Bc3 24. Rd7 a6 25. Bc4 b5 26. Bb3 Rad8 27.
Rbd1 Bf6 28. Kg2 a5 29. Rxd8 Bxd8 30. Rd7 Kg7 31. Rb7 b4 32. Kf3 Kf6 33. Ra7 Kg6
34. Bc4 Kg7 35. Rb7 Bg5 36. Ra7 Rc8 37. Bb3 Rc3+ 38. Kg2 Bd8 39. Rxf7+ Kg6 40.
Rf3 Rc7 41. Rf8 Rd7 42. Rg8+ Kf6 43. Rf8+ Kg7 44. Rf5 Rd2+ 45. Kf3 Bb6 46. Rb5
Bd8 47. Rb7+ Kg6 48. Bc4 Kf6 49. Bd3 Ke5 50. Rxh7 Bb6 51. g5 hxg5 52. Kg4 Kd4
53. Rh6 Kc5 54. Kxg5 a4 55. Bf5 Bd8+ 56. Kg4 Kc4 57. Rc6+ Kb5 58. Rc8 a3 59. Kf3
Kb6 60. g4 Bg5 61. Rb8+ Kc5 62. Bd3 Be7 63. Ke4 Rg2 64. Rb5+ Kc6 65. Kf5 Rg3 66.
Kf4 Rxd3 67. Rxb4 Bxb4 68. cxd3 Kd5 69. Ke3 Bc5+ 70. Kd2 Ke5 71. g5 Kf5 72. d4
Bd6 73. d5 Kxg5 74. Kd3 Kf5 75. Kc2 Ke5 76. Kd3 Kxd5 77. Kc2 Kc4 78. Kb1 Kc3 79.
Ka1 Be5 80. Kb1 Bf6 81. Ka1 Kc2# 0-1

[Event "Airthings Masters - Torneo Preliminare"]
[Site "Internet"]
[Date "03.02.2023"]
[Round "2"]
[White "Dreev, Aleksey"]
[Black "Tabatabaei, M. Amin"]
[Result "1/2-1/2"]
[WhiteTitle ""]
[BlackTitle ""]
[WhiteElo "2606"]
[BlackElo "2677"]
[WhiteFideId "4100107"]
[BlackFideId "12521213"]
[EventDate "2023.02.03"]

1. d4 Nf6 2. c4 e6 3. Nc3 d5 4. cxd5 exd5 5. Bg5 Bb4 6. e3 h6 7. Bxf6 Qxf6 8.
Qa4+ Nc6 9. Rc1 O-O 10. Nf3 Rd8 11. Bb5 Bf8 12. Bxc6 bxc6 13. O-O Bd6 14. Ne5
Bb7 15. f4 c5 16. Qa5 Qe7 17. Rfe1 f6 18. Nd3 c4 19. Nc5 Bxc5 20. dxc5 c6 21. b3
cxb3 22. axb3 Bc8 23. b4 Bf5 24. Qa3 Bd3 25. Rcd1 Bc4 26. Ne2 Bxe2 27. Rxe2 Kh8
28. Rd4 Qb7 29. Qa5 Re8 30. Kf2 Re7 31. Ra2 Rae8 32. Ra3 Qd7 33. Qa4 Qg4 34.
Qxc6 Qh4+ 35. Ke2 Qxh2 36. Qxd5 Qg1 37. Rdd3 Re4 38. Kf3 g5 39. Qf5 Qf1+ 40. Kg3
Qe1+ 41. Kh2 Qh4+ 42. Qh3 Qxh3+ 43. Kxh3 gxf4 44. exf4 Rxb4 45. c6 Rc4 46. Rac3
Rxc3 47. Rxc3 f5 48. g4 Kg7 49. Rc5 fxg4+ 50. Kxg4 Kf6 51. c7 Rc8 52. f5 a5 53.
Kf4 a4 54. Rc6+ Ke7 55. Ke5 a3 56. Rxh6 a2 57. Ra6 Rxc7 58. Rxa2 Rc5+ 59. Kf4
Rc6 60. Kg5 Kf7 61. Re2 Rb6 62. Ra2 Rc6 63. Ra7+ Kf8 64. Rb7 Ra6 65. Rc7 Rb6 66.
f6 Rb1 67. Rc8+ 1/2-1/2

[Event "Airthings Masters - Torneo Preliminare"]
[Site "Internet"]
[Date "03.02.2023"]
[Round "2"]
[White "Safarli, Eltaj"]
[Black "Pranav, V"]
[Result "1-0"]
[WhiteTitle ""]
[BlackTitle ""]
[WhiteElo "2608"]
[BlackElo "2545"]
[WhiteFideId "13402129"]
[BlackFideId "25060783"]
[EventDate "2023.02.03"]

1. e4 e5 2. Nf3 Nc6 3. Nc3 Nf6 4. d4 exd4 5. Nxd4 Bb4 6. Nxc6 bxc6 7. Bd3 d6 8.
O-O Ng4 9. h3 Ne5 10. f4 Nxd3 11. cxd3 O-O 12. f5 Re8 13. f6 g6 14. Bh6 d5 15.
Qf3 Rb8 16. Kh1 Bd6 17. Rae1 d4 18. Ne2 Be5 19. b3 Re6 20. Bg7 Rb6 21. Nf4 Rd6
22. Rc1 Qe8 23. Rc5 Bxf6 24. Bxf6 Rxf6 25. e5 Rf5 26. g4 Rxe5 27. Rxe5 Qxe5 28.
Nxg6 Qe8 29. Nf4 Bb7 30. Qg3 c5+ 31. Kh2 Rf6 32. Re1 Qc6 33. Nh5 Re6 34. Nf4 Re3
35. Qh4 Qd6 36. Qg5+ Kf8 37. Rxe3 dxe3 38. Kg3 h6 39. Qf5 Kg7 40. g5 hxg5 41.
Qxg5+ Kf8 42. h4 Qc6 43. Qd8+ Kg7 44. Nh5+ Kh7 45. Nf6+ Kg7 46. Ne4 Qg6+ 47. Ng5
e2 48. Kf2 Qd6 49. Qxd6 cxd6 50. Kxe2 d5 51. Ke3 Kg6 52. Kf4 Ba6 53. Nf3 f6 54.
d4 c4 55. bxc4 Bxc4 56. a3 a5 57. Nd2 Ba2 58. Kg4 a4 59. Nf1 Bc4 60. Ne3 Be2+
61. Kf4 Bc4 62. Ng4 Bb3 63. h5+ Kxh5 64. Nxf6+ Kg6 65. Ke5 Kf7 66. Nxd5 Ke8 67.
Kd6 Bxd5 68. Kxd5 Kd7 69. Kc5 Kc7 70. Kb5 Kd6 71. Kxa4 Kd5 72. Kb5 Kxd4 73. a4 1-0

[Event "Airthings Masters - Torneo Preliminare"]
[Site "Internet"]
[Date "03.02.2023"]
[Round "2"]
[White "Malakhov, Vladimir"]
[Black "Williams, Simon K"]
[Result "0-1"]
[WhiteTitle ""]
[BlackTitle ""]
[WhiteElo "2650"]
[BlackElo "2465"]
[WhiteFideId "4120787"]
[BlackFideId "404454"]
[EventDate "2023.02.03"]

1. e4 c5 2. Nf3 d6 3. Bb5+ Nc6 4. d4 cxd4 5. Qxd4 Bg4 6. Qd3 Nf6 7. O-O g6 8. e5
dxe5 9. Qxd8+ Rxd8 10. Nxe5 Bd7 11. Nxd7 Rxd7 12. Nd2 Bg7 13. Nc4 O-O 14. Bxc6
bxc6 15. Be3 Nd5 16. Rae1 Nxe3 17. Rxe3 e6 18. Ra3 Rb8 19. b3 Bc3 20. Ra6 Rc8
21. g3 e5 22. Kg2 f5 23. Kf3 h5 24. Ke2 Kf7 25. Rd1 Rxd1 26. Kxd1 Rc7 27. Ke2
Ke6 28. Kd3 Bd4 29. f4 Kd5 30. fxe5 Bg1 31. h3 Bf2 32. Ne3+ Kxe5 33. Ra5+ Kf6
34. Nf1 Rd7+ 35. Ke2 Bb6 36. Ra4 Rd4 37. Rxd4 Bxd4 38. Nd2 g5 39. Nc4 Ke6 40. a4
g4 41. hxg4 fxg4 42. Ne3 Be5 43. Kf2 Bc3 44. Ng2 Kf5 45. Nf4 Bd4+ 46. Kf1 h4 47.
Ne2 Bf6 48. gxh4 Bxh4 49. Nd4+ Ke4 50. Nxc6 Ke3 51. Nxa7 Kf3 52. Nc6 Bf6 53. a5
g3 54. a6 g2+ 55. Kg1 Bg5 56. Nd4+ Kg3 57. Nf5+ Kh3 58. a7 Bd8 59. a8=N Bf6 60.
Kf2 Be5 61. Ne3 Bd4 62. Nc7 Bxe3+ 63. Kxe3 g1=Q+ 64. Kd3 Qc5 65. Ne6 Qd5+ 66.
Nd4 Kg4 67. c4 Qb7 68. c5 Kf4 69. c6 Qb6 70. c7 Qa6+ 71. Kc3 Ke5 72. b4 Kd6 73.
Nb5+ Kd7 74. Kc4 Qc6+ 0-1